| Tag |
First Indicator |
Second Indicator |
Subfields |
| LEADER |
00000cam a2200000 a 4500 |
| 001 |
in00000956721 |
| 005 |
20150926140626.0 |
| 007 |
hd afb017baca |
| 007 |
hd bfb017baaa |
| 008 |
871207r19851674miu a 00000 eng d |
| 035 |
|
|
|a (OCoLC)17196603
|
| 035 |
|
|
|9 AEU4008AM
|
| 037 |
|
|
|a CL0037000058
|b University Microfilms International
|
| 037 |
|
|
|b University Microfilms International, 300 N. Zeeb Rd., Ann Arbor, MI 48106
|
| 040 |
|
|
|a EAK
|c EAK
|d UtOrBLW
|
| 049 |
|
|
|a TXAI
|
| 090 |
|
|
|a RM671
|b .M33
|
| 099 |
|
|
|a film
|a B
|a 3609
|
| 245 |
0 |
0 |
|a Magni sylvii sal volatile oleosum radiis solaribus impregnatum :
|b that great medicine, shewing its inventors and promotors Sr. Theodor My-Hearn and Franciscus de le boe Sylvius the two great physitians of Europe.
|
| 264 |
|
1 |
|a London printed :
|b [publisher not identified],
|c 1674.
|
| 300 |
|
|
|a 4 unnumbered pages, 11 pages, 1 unnumbered page
|
| 336 |
|
|
|a text
|b txt
|2 rdacontent
|
| 337 |
|
|
|a microform
|b h
|2 rdamedia
|
| 338 |
|
|
|a microfilm reel
|b hd
|2 rdacarrier
|
| 500 |
|
|
|a Reproduction of original in the Union Theological Seminary Library, New York.
|
| 510 |
4 |
|
|a Wing
|c M256
|
| 533 |
|
|
|a Microfilm.
|b Ann Arbor, Mich. :
|c University Microfilms International,
|d 1985.
|e 1 microfilm reel ; 35 mm.
|f (Early English books, 1641-1700 ; 1619:37)
|
| 500 |
|
|
|a Microform.
|
| 650 |
|
0 |
|a Patent medicines
|x Early works to 1800.
|
| 600 |
1 |
0 |
|a Le Boë, Frans de,
|d 1614-1672.
|
| 600 |
1 |
0 |
|a Mayerne, Théodore Turquet de,
|c Sir,
|d 1573-1655.
|
| 830 |
|
0 |
|a Early English books, 1641-1700 ;
|v 1619:37.
|
| 999 |
|
|
|a MARS
|
| 999 |
f |
f |
|s c973e229-0684-3959-8a8c-b8a64d8fd765
|i d5e00270-f308-3caa-aeba-827e91340388
|t 0
|
| 952 |
f |
f |
|p default
|a Texas A&M University
|b College Station
|c Sterling C. Evans Library
|d Evans: Microforms (3rd floor)
|t 0
|e film B 3609 1619:37
|h Other scheme
|i microform -- microfilm reel
|
| 998 |
f |
f |
|a film B 3609 1619:37
|t 0
|l Evans: Microforms (3rd floor)
|